000
00293nam a2200109Ia 4500
008
230724s1999 xx und d
041
_a
eng
100
_a
LITTLEWOOD M.
245
_a
LANDSCAPE DETAILING VOLL- II, SURFACES , IIIRD EDITION.
260
_b
C.B.S PUBLISHERS
_c
1999
300
_a
208
999
_c
1171480
_d
1171480